000
00215 a2200109 4500
020
_a
9780310733898
041
_a
eng
100
_a
jones,sally
245
_a
baby wren and the great gift
942
_c
BK
952
_7
1
999
_c
18723
_d
18723